000
00223 a2200097 4500
001
11208
100
_a
Northedge, G
245
_a
The Fareign Policy of the power
260
_a
_b
Frederick A Preajer
_c
090
_c
8761
_d
8761
942
_a
NUST-CAE
_c
M
_c
35557
999
_c
246281
_d
246281